| 000 | 01839nam a2200385 a 4500 | ||
|---|---|---|---|
| 001 | ebr10516641 | ||
| 003 | CaPaEBR | ||
| 006 | m u | ||
| 007 | cr cn||||||||| | ||
| 008 | 830718s1983 nyuad sb 101 0 eng d | ||
| 010 | _z 83015454 | ||
| 020 | _z0915928760 | ||
| 020 | _z9780915928767 | ||
| 020 | _z9781600863417 (e-book) | ||
| 040 |
_aCaPaEBR _cCaPaEBR |
||
| 035 | _a(OCoLC)300516866 | ||
| 050 | 1 | 4 |
_aQD516 _b.I58 1981eb |
| 082 | 0 | 4 |
_a629.1 s _a541.3/6 _219 |
| 111 | 2 |
_aInternational Colloquium on Gasdynamics of Explosions and Reactive Systems _n(8th : _d1981 : _cMinsk, Belarus) |
|
| 245 | 1 | 0 |
_aShock waves, explosions, and detonations _h[electronic resource] / _cedited by J.R. Bowen ... [et al.]. |
| 260 |
_aNew York, N.Y. : _bAmerican Institute of Aeronautics and Astronautics, Inc., _cc1983. |
||
| 300 |
_axxiv, 505 p. : _bill. |
||
| 490 | 1 |
_aProgress in astronautics and aeronautics ; _vv. 87 |
|
| 500 | _a"Technical papers selected from the eighth International Colloquium on Gasdynamics of Explosions and Reactive Systems, Minsk, USSR, August 1981, and subsequently revised for this volume." | ||
| 500 | _aCompanion vol. to the colloquium's Flames, lasers, and reactive systems. | ||
| 504 | _aIncludes bibliographical references and index. | ||
| 533 |
_aElectronic reproduction. _bPalo Alto, Calif. : _cebrary, _d2013. _nAvailable via World Wide Web. _nAccess may be limited to ebrary affiliated libraries. |
||
| 650 | 0 |
_aExplosions _vCongresses. |
|
| 650 | 0 |
_aShock waves _vCongresses. |
|
| 655 | 7 |
_aElectronic books. _2local |
|
| 700 | 1 |
_aBowen, J. R. _q(J. Raymond) |
|
| 710 | 2 | _aebrary, Inc. | |
| 830 | 0 |
_aProgress in astronautics and aeronautics ; _vv. 87. |
|
| 856 | 4 | 0 |
_uhttp://site.ebrary.com/lib/rucke/Doc?id=10516641 _zAn electronic book accessible through the World Wide Web; click to view |
| 999 |
_c121174 _d121174 |
||